000 00572nam a2200193 a 4500
001 1233
005 20140414131918.0
008 041111s19uu xx 00 eng d
020 _a0-307-30269-5
050 _aER
_bM99 1995
100 _aLundell, Margo
245 _aMy kindergarten counting book /
_cby Margo Lundell ; illustrated by Kathryn Mitter.
260 _aNew York :
_bA Golden Book,
_c1995.
300 _a1 v. p. : ill. ; cm.
440 _aA little golden book
650 _aCounting
_xJuvenile literature.
650 _aChildren stories.
999 _c111617
_d111617